00873cam a2200241 a 4500999001500000001000500015003000900020005001700029008004100046040003800087082002100125100001800146245007800164250002500242260006000267300002200327504005300349505004300402650002800445700002300473942001200496952012300508 c1812d18128873BD-DhUAP20200216155930.0200216s2004 ii b 001 0 eng  aBD-DhUAPcBD-DhUAPdBD-DhUAPbEng00a347.5406 SAR2231 aSarkar, M. C.10aSarkar's the law of civil procedure /cM.C. Sarkar and Prabhas C. Sarkar. a10th rev, & eng. ed. aAgra, India :bWadhwa and Co.,cc1937 [Reprinted 2004]. avolumes ;c25 cm. aIncludes bibliographical references and indexes.0 aV. 1-The code of civil procedure,1908. aCivil procedurezIndia.1 aSarkar, Prabhas C. 2ddccBK 00102ddc4070aUAPCLbUAPCLcGeneral Stacksd2020-02-16o347.5406 SAR V-1p3010008873r2020-02-16t1w2020-02-16yBK